000 00969nam a22002897a 4500
003 DO-SdBNP
005 20241015130032.0
008 171116b2005 sp | 00| 0 spa d
020 _a8497593499
040 _aBPMSU
_bspa
_cBPMSU
082 4 _a813.54
_bS531m 2005
_222
100 1 _aSharma, Robin S.
_d1964-
245 1 3 _aEl monje que vendió su ferrari /
_cRobin S. Sharma ; traducción Pedro Fontana
_b
246 1 4 _aEl monje que vendió su ferrari :
_buna fábula espiritual
250 _a9a ed.
260 _aBarcelona :
_bLitografía Rosés,
_c2005.
300 _a209 p. ;
_c19 cm.
490 0 _a!Debos!llo,
_v501
534 _pTítulo original :
_tThe monk who sold his Ferrari.
590 _aInventariado, 2024/VM
650 4 _a Autorrealización (Psicología)
_vNovela.
650 4 _aConducta (Ética)
_vNovela.
650 4 _aNovela didáctica.
700 1 _aFontana, Pedro
_3traductor.
910 _aVMateo V. Control de calidad. BPMSU
942 _2ddc
_cBK
999 _c12911
_d12911